[Event "EU-chT Seniors 01st"]
[Site "Dresden"]
[Date "1999.04.15"]
[Round "7.2"]
[White "Scheipl, Ralf"]
[Black "Mueller, Siegmar"]
[Result "1-0"]
[WhiteElo "2250"]
[BlackElo "1810"]
[EventDate "1999.04.09"]
[PlyCount "95"]

1.e4 b6 2.d4 Bb7 3.Nc3 e6 4.Bd3 Bb4 5.Ne2 Nf6 6.O-O d5 7.exd5 Nxd5 8.Ne4 
h6 9.N2g3 Nf6 10.Nxf6+ gxf6 11.Qg4 Nc6 12.Qg7 Ke7 13.Bxh6 Qxd4 14.Bh7 Qxb2
15.Ne4 Qe5 16.Nxf6 Bc3 17.Rad1 Nd4 18.Bg5 Kd6 19.Bh4 Kc6 20.a4 Qf4 21.Qxf7
Rad8 22.Rxd4 Qxd4 23.Qxe6+ Rd6 24.Be4+ Kc5 25.Nd7+ Rxd7 26.Be7+ Rd6 27.
Bxb7 Qe5 28.Qxe5+ Bxe5 29.f4 Bd4+ 30.Kh1 Bf6 31.Bxd6+ cxd6 32.g4 a5 33.Rd1
Bd4 34.Kg2 Re8 35.Bf3 Re3 36.f5 Ra3 37.g5 Rxa4 38.Rxd4 Kxd4 39.g6 Rc4 40.
g7 Rxc2+ 41.Kg3 Rc1 42.f6 Rg1+ 43.Kf4 a4 44.f7 Rxg7 45.f8=Q Rh7 46.Qxd6+ 
Kc3 47.Qe5+ Kb4 48.Qe4+ 1-0

[Event "EU-chT Seniors 01st"]
[Site "Dresden"]
[Date "1999.04.12"]
[Round "4.2"]
[White "Scheipl, Ralf"]
[Black "Nonnenmacher, Eberhard"]
[Result "1/2-1/2"]
[WhiteElo "2250"]
[BlackElo "2275"]
[EventDate "1999.04.09"]
[PlyCount "80"]

1.e4 c5 2.Nf3 e6 3.c3 d5 4.exd5 Qxd5 5.d4 Nc6 6.Be2 cxd4 7.cxd4 Nf6 8.O-O 
Be7 9.Nc3 Qd6 10.Nb5 Qd8 11.Bf4 Nd5 12.Bg3 O-O 13.Bc4 a6 14.Bxd5 exd5 15.
Nc7 Ra7 16.Qb3 Bd6 17.Bxd6 Qxd6 18.Qb6 f6 19.Rfe1 Bd7 20.Rac1 Rc8 21.Rxc6 
Bxc6 22.Qxa7 Qxc7 23.Qc5 Kf7 24.Nd2 Re8 25.Rxe8 Kxe8 26.Nb3 Qd7 27.h3 Kf7 
28.Na5 Kg6 29.Nxc6 bxc6 30.Qc2+ Kh6 31.Qd2+ g5 32.h4 Qf5 33.hxg5+ fxg5 34.
a3 Qb1+ 35.Kh2 Qf5 36.Qc3 Qxf2 37.Qxc6+ Kh5 38.Qe8+ Kh6 39.Qe6+ Kh5 40.
Qh3+ Kg6 1/2-1/2

[Event "EU-chT Seniors 01st"]
[Site "Dresden"]
[Date "1999.04.10"]
[Round "2.2"]
[White "Scheipl, Ralf"]
[Black "Starck, Bodo"]
[Result "1/2-1/2"]
[WhiteElo "2250"]
[BlackElo "2260"]
[EventDate "1999.04.09"]
[PlyCount "116"]

1.c4 c6 2.e4 d5 3.exd5 cxd5 4.d4 Nf6 5.Nc3 e6 6.Nf3 Be7 7.a3 O-O 8.Bd3 
dxc4 9.Bxc4 a6 10.O-O b5 11.Ba2 Bb7 12.Qd3 Nbd7 13.Rd1 Nb6 14.Bf4 Nbd5 15.
Be5 Nxc3 16.bxc3 Be4 17.Qe2 Bg6 18.Bxf6 Bxf6 19.a4 Qa5 20.axb5 axb5 21.Qb2
Qa3 22.Rd2 Be4 23.Rad1 Bxf3 24.gxf3 Qa5 25.Bb1 Rab8 26.Rd3 Rfc8 27.Qe2 
Rxc3 28.Rxc3 Qxc3 29.Qe4 Rd8 30.d5 Rd6 31.Qxh7+ Kf8 32.Be4 exd5 33.Bxd5 
Qe5 34.Qh8+ Ke7 35.Qa8 Qg5+ 36.Kf1 Be5 37.Re1 Kf6 38.Qb7 Qh5 39.f4 Qh3+ 
40.Kg1 Qg4+ 41.Kf1 Qxf4 42.h4 Kg6 43.Bxf7+ Kh7 44.Bd5 Bd4 45.Bf3 Rf6 46.
Qe4+ Qxe4 47.Bxe4+ Kh6 48.f3 b4 49.Kg2 b3 50.Rd1 Rd6 51.Kh3 b2 52.Kg4 Re6 
53.Bf5 Rd6 54.Be4 g6 55.Bb1 Kg7 56.f4 Kf6 57.f5 gxf5+ 58.Bxf5 Be5 1/2-1/2

[Event "EU-chT Seniors 01st"]
[Site "Dresden"]
[Date "1999.04.15"]
[Round "7.4"]
[White "Semasev, Kim"]
[Black "Alter, Helmut"]
[Result "1-0"]
[WhiteElo "2290"]
[BlackElo "1770"]
[EventDate "1999.04.09"]
[PlyCount "67"]

1.e4 e6 2.d4 d5 3.Nd2 Nf6 4.e5 Nfd7 5.Ngf3 c5 6.c3 Nc6 7.Be2 Qb6 8.Nb3 
cxd4 9.cxd4 Bb4+ 10.Kf1 O-O 11.h4 f5 12.Ng5 Ndxe5 13.dxe5 Nxe5 14.Be3 Qd8 
15.f4 Nc6 16.Nd4 Qe7 17.Ngf3 Bd7 18.h5 Bd6 19.h6 g6 20.Rc1 a6 21.a3 e5 22.
Nxc6 Bxc6 23.fxe5 Bxe5 24.Nxe5 Qxe5 25.Qd4 Rfe8 26.Qxe5 Rxe5 27.Bf2 Re6 
28.Bd3 Kf7 29.Bd4 Rc8 30.Kf2 Rce8 31.g3 R8e7 32.Rhe1 Re4 33.Bxe4 fxe4 34.
Ke3 1-0

[Event "EU-chT Seniors 01st"]
[Site "Dresden"]
[Date "1999.04.10"]
[Round "2.4"]
[White "Semasev, Kim"]
[Black "Kalmutzki, Manfred"]
[Result "1-0"]
[WhiteElo "2290"]
[BlackElo "1855"]
[EventDate "1999.04.09"]
[PlyCount "61"]

1.e4 c5 2.Nf3 e6 3.d4 cxd4 4.Nxd4 a6 5.Nc3 d6 6.Bd3 Nf6 7.O-O Be7 8.Kh1 
O-O 9.f4 Qc7 10.Qe1 Nbd7 11.Qg3 b5 12.Nd5 Nxd5 13.exd5 Nf6 14.dxe6 fxe6 
15.f5 exf5 16.Nxf5 Bxf5 17.Rxf5 Kh8 18.Be3 Ng8 19.Rh5 Nf6 20.Qg6 Kg8 21.
Rxh7 Bd8 22.Bd4 Qf7 23.Qf5 g6 24.Rxf7 gxf5 25.Rxf8+ Kxf8 26.Rf1 Kf7 27.
Bxf5 Be7 28.g4 Rg8 29.h3 Ke8 30.Bc8 a5 31.Bxf6 1-0

[Event "EU-chT Seniors 01st"]
[Site "Dresden"]
[Date "1999.04.13"]
[Round "5.4"]
[White "Semasev, Kim"]
[Black "Kramer, Gerhard"]
[Result "1/2-1/2"]
[WhiteElo "2290"]
[BlackElo "2135"]
[EventDate "1999.04.09"]
[PlyCount "90"]

1.e4 c5 2.Nf3 e6 3.d4 cxd4 4.Nxd4 a6 5.Nc3 Qc7 6.Bd3 Nc6 7.Be3 Nf6 8.O-O 
Be7 9.Kh1 b5 10.f4 O-O 11.e5 Ne8 12.Nxc6 dxc6 13.Qh5 g6 14.Qh6 f5 15.exf6 
Bxf6 16.Bc5 Bg7 17.Qh4 Rf7 18.Rae1 Nf6 19.Rf3 Bd7 20.Ref1 Re8 21.g4 e5 22.
f5 g5 23.Qg3 Bc8 24.Ne4 Nxe4 25.Bxe4 Bf6 26.Rd3 Rd7 27.Qf3 Rxd3 28.cxd3 
Bb7 29.Rc1 Rc8 30.Qf2 Kg7 31.Qd2 a5 32.Be3 h6 33.h4 Qd8 34.Rc5 Kf7 35.hxg5
hxg5 36.Kg2 a4 37.Rc1 Qe7 38.Rh1 Rg8 39.Qc3 Qd7 40.Rh5 Qd8 41.b3 axb3 42.
Qxb3+ Kg7 43.Qc3 Rh8 44.Rxh8 Qxh8 45.Bf2 Qd8 1/2-1/2

[Event "EU-chT Seniors 01st"]
[Site "Dresden"]
[Date "1999.04.14"]
[Round "6.2"]
[White "Starck, Bodo"]
[Black "Appelt, Gerd"]
[Result "1-0"]
[WhiteElo "2260"]
[BlackElo "2005"]
[EventDate "1999.04.09"]
[PlyCount "53"]

1.d4 Nf6 2.c4 e6 3.Nc3 Bb4 4.a3 Bxc3+ 5.bxc3 c5 6.e3 Nc6 7.Bd3 b6 8.Ne2 
Ba6 9.e4 d6 10.Qa4 Qc8 11.d5 exd5 12.exd5 Nxd5 13.cxd5 Bxd3 14.Qxc6+ Qxc6 
15.dxc6 O-O-O 16.Be3 Rhe8 17.Ng3 Re5 18.O-O-O c4 19.Bd4 Rb5 20.Rhe1 Rb1+ 
21.Kd2 Rb2+ 22.Ke3 Bc2 23.Ra1 f6 24.Nh5 Rg8 25.g4 Ba4 26.Kf4 Kd8 27.Nxg7 
1-0

[Event "EU-chT Seniors 01st"]
[Site "Dresden"]
[Date "1999.04.15"]
[Round "7.1"]
[White "Starck, Bodo"]
[Black "Eis, Helko"]
[Result "1-0"]
[WhiteElo "2260"]
[BlackElo "2115"]
[EventDate "1999.04.09"]
[PlyCount "63"]

1.d4 d6 2.Nf3 Bg4 3.c4 Nd7 4.Qb3 Qc8 5.h3 Bxf3 6.Qxf3 e5 7.d5 a5 8.Nc3 
Ngf6 9.g4 Nc5 10.e4 Be7 11.Be3 h6 12.Be2 c6 13.h4 cxd5 14.cxd5 h5 15.g5 
Nfd7 16.g6 fxg6 17.Qg3 Nf8 18.f4 Bf6 19.fxe5 Bxe5 20.Bf4 Bxc3+ 21.Qxc3 
Nxe4 22.Qe3 Qc2 23.Rc1 Qxb2 24.Qxe4+ Kf7 25.Rc7+ Kg8 26.Bxd6 Qa1+ 27.Bd1 
Rh7 28.O-O Qb2 29.Bxf8 Qb6+ 30.Rc5 Rxf8 31.Qe6+ Qxe6 32.dxe6 1-0

[Event "EU-chT Seniors 01st"]
[Site "Dresden"]
[Date "1999.04.09"]
[Round "1.2"]
[White "Starck, Bodo"]
[Black "Klovans, Janis"]
[Result "0-1"]
[WhiteElo "2260"]
[BlackElo "2470"]
[EventDate "1999.04.09"]
[PlyCount "64"]

1.d4 Nf6 2.c4 e6 3.Nc3 d5 4.Bg5 Be7 5.e3 h6 6.Bh4 O-O 7.Nf3 b6 8.cxd5 Nxd5
9.Bxe7 Qxe7 10.Bd3 Bb7 11.O-O Nd7 12.Rc1 c5 13.Nxd5 Bxd5 14.Bc4 Bxf3 15.
gxf3 Rfd8 16.dxc5 Ne5 17.Qa4 Nxf3+ 18.Kg2 Nd2 19.c6 Nxf1 20.Bxf1 Rac8 21.
Ba6 Rc7 22.Bb7 Rxb7 23.cxb7 Qxb7+ 24.Kg1 Qf3 25.Qxa7 Rd5 26.Qb8+ Kh7 27.h4
Rf5 28.Qg3 Qe2 29.a4 Rf6 30.h5 Qxh5 31.Kf1 Qh1+ 32.Qg1 Qe4 0-1

[Event "EU-chT Seniors 01st"]
[Site "Dresden"]
[Date "1999.04.11"]
[Round "3.2"]
[White "Starck, Bodo"]
[Black "Mueller, Siegmar"]
[Result "1-0"]
[WhiteElo "2260"]
[BlackElo "1810"]
[EventDate "1999.04.09"]
[PlyCount "47"]

1.d4 b6 2.e4 Bb7 3.Nc3 e6 4.Nf3 Bb4 5.Bd3 Nf6 6.Qe2 O-O 7.O-O Bxc3 8.bxc3 
d5 9.e5 Ne4 10.c4 c5 11.dxc5 bxc5 12.cxd5 exd5 13.c4 f5 14.exf6 Nxf6 15.
Rb1 Re8 16.Qc2 Ba6 17.Bg5 Bxc4 18.Bxh7+ Kf8 19.Rfe1 Nbd7 20.Rxe8+ Qxe8 21.
Re1 Qb8 22.Nh4 Nxh7 23.Qxh7 Ne5 24.Rxe5 1-0

[Event "EU-chT Seniors 01st"]
[Site "Dresden"]
[Date "1999.04.15"]
[Round "7.1"]
[White "Stavenhagen, Johannes"]
[Black "Baumgartner, Heinz"]
[Result "0-1"]
[WhiteElo "1870"]
[BlackElo "2275"]
[EventDate "1999.04.09"]
[PlyCount "104"]

1.d4 d6 2.c4 c6 3.Nc3 e5 4.dxe5 dxe5 5.Qxd8+ Kxd8 6.Nf3 f6 7.h4 Be6 8.e4 
Nd7 9.Be3 Bb4 10.O-O-O Bxc3 11.bxc3 Kc7 12.Nd2 c5 13.Nb3 b6 14.Be2 Ne7 15.
Rd2 Rad8 16.Rhd1 Nb8 17.f4 Nbc6 18.fxe5 Nxe5 19.Bf4 Nc6 20.Rxd8 Rxd8 21.
Rxd8 Kxd8 22.Bxe5 Nxe5 23.Nd2 Ke7 24.Kd1 Kd6 25.Ke1 Bg4 26.Kf2 h5 27.Bf1 
g5 28.g3 Ng6 29.hxg5 fxg5 30.Bg2 h4 31.gxh4 gxh4 32.Ke3 h3 33.Bh1 Ke5 34.
Nf1 Be6 35.Nd2 Nh4 36.Bf3 h2 37.Bh1 Bh3 38.Nf3+ Nxf3 39.Bxf3 Bf1 40.a3 
Bxc4 41.Bg2 b5 42.Bh1 a5 43.Bg2 a4 44.Kd2 Kf4 45.Bh1 Bf1 46.Ke1 Bd3 47.Kf2
Bxe4 48.Bxe4 Kxe4 49.Kg2 Kd3 50.Kxh2 Kxc3 51.Kg2 b4 52.axb4 cxb4 0-1

[Event "EU-chT Seniors 01st"]
[Site "Dresden"]
[Date "1999.04.13"]
[Round "5.1"]
[White "Stavenhagen, Johannes"]
[Black "Eis, Helko"]
[Result "1/2-1/2"]
[WhiteElo "1870"]
[BlackElo "2115"]
[EventDate "1999.04.09"]
[PlyCount "79"]

1.d4 Nf6 2.c4 e6 3.Nf3 b6 4.Nc3 Bb7 5.Bg5 d5 6.cxd5 exd5 7.e3 Be7 8.Rc1 
O-O 9.Bxf6 Bxf6 10.Bd3 c5 11.dxc5 bxc5 12.O-O Nd7 13.Qc2 g6 14.Rfd1 Qe7 
15.Be2 Nb6 16.Rd2 Rfe8 17.Bb5 Red8 18.Na4 Nxa4 19.Bxa4 d4 20.Rcd1 Be4 21.
Qc4 Rab8 22.a3 Rdc8 23.Bb3 Rc7 24.Ba2 dxe3 25.fxe3 Rxb2 26.Kf2 Rd7 27.Rxb2
Rxd1 28.Rb8+ Kg7 29.Bb3 Rb1 30.Rc8 Bxf3 31.gxf3 Rb2+ 32.Bc2 Bh4+ 33.Ke2 
Qe5 34.f4 Qh5+ 35.Kd2 Bf6 36.Rxc5 Qxh2+ 37.Kd3 Qg2 38.Rc7 Qf1+ 39.Ke4 
Qxc4+ 40.Rxc4 1/2-1/2

[Event "EU-chT Seniors 01st"]
[Site "Dresden"]
[Date "1999.04.11"]
[Round "3.1"]
[White "Stavenhagen, Johannes"]
[Black "Uhlmann, Wolfgang"]
[Result "0-1"]
[WhiteElo "1870"]
[BlackElo "2475"]
[EventDate "1999.04.09"]
[PlyCount "56"]

1.d4 Nf6 2.c4 g6 3.Nc3 Bg7 4.e4 d6 5.Be2 O-O 6.Be3 c6 7.h4 e5 8.h5 exd4 9.
Bxd4 Qa5 10.h6 Bh8 11.Qd2 Nxe4 12.Nxe4 Qxd2+ 13.Kxd2 Bxd4 14.Nf3 Bxb2 15.
Rab1 d5 16.cxd5 cxd5 17.Nd6 Ba3 18.Nxc8 Rxc8 19.Rxb7 Nc6 20.Bb5 Bb4+ 21.
Kd3 Nd8 22.Rd7 Ne6 23.Ke3 Rc3+ 24.Bd3 Rxd3+ 25.Kxd3 Nc5+ 26.Kd4 Nxd7 27.
Kxd5 Rc8 28.Rb1 a5 0-1

[Event "EU-chT Seniors 01st"]
[Site "Dresden"]
[Date "1999.04.10"]
[Round "2.1"]
[White "Uhlmann, Wolfgang"]
[Black "Baumgartner, Heinz"]
[Result "1/2-1/2"]
[WhiteElo "2475"]
[BlackElo "2275"]
[EventDate "1999.04.09"]
[PlyCount "39"]

1.c4 e5 2.Nc3 Nf6 3.Nf3 Nc6 4.g3 Bb4 5.Nd5 a5 6.Bg2 O-O 7.O-O Re8 8.d3 h6 
9.Nd2 Bf8 10.b3 Nb4 11.Nxf6+ Qxf6 12.Bb2 Qe7 13.a3 Nc6 14.Ne4 d6 15.Nc3 
Be6 16.Nd5 Qd7 17.e4 Nd4 18.Bxd4 exd4 19.Nf4 c6 20.Nxe6 1/2-1/2

[Event "EU-chT Seniors 01st"]
[Site "Dresden"]
[Date "1999.04.12"]
[Round "4.1"]
[White "Uhlmann, Wolfgang"]
[Black "Neubert, Gerhard"]
[Result "1-0"]
[WhiteElo "2475"]
[BlackElo "1960"]
[EventDate "1999.04.09"]
[PlyCount "79"]

1.c4 f5 2.d4 Nf6 3.Nc3 e6 4.g3 Be7 5.Bg2 d6 6.e4 fxe4 7.Nxe4 O-O 8.Ne2 
Nxe4 9.Bxe4 Nd7 10.O-O Nf6 11.Bg2 c6 12.b3 Bd7 13.Bb2 Qc7 14.Qd2 Rae8 15.
f4 Kh8 16.h3 Ng8 17.Kh1 Bf6 18.Rae1 g6 19.Nc3 Bg7 20.Ne4 Nf6 21.Nxf6 Bxf6 
22.d5 Bxb2 23.Qxb2+ Kg8 24.dxe6 Bxe6 25.Qd4 Qd7 26.Kh2 Bf7 27.Qxa7 Ra8 28.
Qf2 Rfe8 29.Rxe8+ Rxe8 30.Rd1 Qe7 31.Rd2 Rd8 32.f5 gxf5 33.Qxf5 Bg6 34.Qf4
Bf7 35.Bf3 d5 36.Re2 Qf8 37.Qg5+ Kh8 38.Re7 Bg6 39.Qe5+ Kg8 40.cxd5 1-0

[Event "EU-chT Seniors 01st"]
[Site "Dresden"]
[Date "1999.04.13"]
[Round "5.3"]
[White "Winiwarter, Felix"]
[Black "Gipslis, Aivars"]
[Result "1-0"]
[WhiteElo "2225"]
[BlackElo "2470"]
[EventDate "1999.04.09"]
[PlyCount "75"]

1.e4 c5 2.Nf3 e6 3.d4 cxd4 4.Nxd4 a6 5.Nc3 b5 6.Bd3 d6 7.O-O Nf6 8.f4 Bb7 
9.Qf3 Nbd7 10.Kh1 Be7 11.a3 Nc5 12.Bd2 O-O 13.Rae1 Rc8 14.Qh3 Nxd3 15.cxd3
Re8 16.Rf3 Bf8 17.g4 Nd7 18.g5 g6 19.Qh4 Bg7 20.Nde2 h5 21.Ng3 f5 22.gxf6 
Qxf6 23.Qh3 Ne5 24.Nxh5 gxh5 25.fxe5 Qxe5 26.Rg1 Rf8 27.Rfg3 Rc7 28.Rg6 d5
29.R1g5 Qf6 30.Rxf6 Rxf6 31.e5 d4+ 32.Ne4 Rf2 33.Qxe6+ Rcf7 34.Rg2 Rf5 35.
h4 Kh8 36.Qg6 Rf1+ 37.Rg1 Kg8 38.e6 1-0

[Event "EU-chT Seniors 01st"]
[Site "Dresden"]
[Date "1999.04.09"]
[Round "1.3"]
[White "Winiwarter, Felix"]
[Black "Hesse, Manfred"]
[Result "1/2-1/2"]
[WhiteElo "2225"]
[BlackElo "1805"]
[EventDate "1999.04.09"]
[PlyCount "50"]

1.e4 c5 2.Nf3 d6 3.d4 cxd4 4.Nxd4 Nf6 5.Nc3 a6 6.Be2 e6 7.O-O Be7 8.f4 O-O
9.Kh1 Qc7 10.Qe1 b5 11.Bf3 Bb7 12.e5 Ne8 13.Qg3 Nd7 14.f5 dxe5 15.fxe6 
exd4 16.Bf4 Qc8 17.exd7 Qxd7 18.Rad1 Rd8 19.Be5 Bc5 20.Ne4 Bxe4 21.Bxe4 f6
22.Bf4 f5 23.Bd3 Bd6 24.Qh3 Bxf4 25.Rxf4 g6 1/2-1/2

[Event "EU-chT Seniors 01st"]
[Site "Dresden"]
[Date "1999.04.11"]
[Round "3.3"]
[White "Winiwarter, Felix"]
[Black "Koksch, Guenther"]
[Result "1/2-1/2"]
[WhiteElo "2225"]
[BlackElo "1950"]
[EventDate "1999.04.09"]
[PlyCount "36"]

1.e4 e6 2.d4 d5 3.Nc3 Bb4 4.e5 c5 5.a3 Ba5 6.b4 cxd4 7.Qg4 Ne7 8.bxa5 dxc3
9.Qxg7 Rg8 10.Qxh7 Nbc6 11.Nf3 Qc7 12.Bf4 Bd7 13.Qd3 Qxa5 14.Bg3 Nf5 15.
Be2 Qc5 16.O-O Nxg3 17.hxg3 Rxg3 18.Qb5 Qxb5 1/2-1/2

[Event "EU-chT Seniors 01st"]
[Site "Dresden"]
[Date "1999.04.10"]
[Round "2.4"]
[White "Zanger, Konrad"]
[Black "Alter, Helmut"]
[Result "0-1"]
[WhiteElo "1795"]
[BlackElo "1770"]
[EventDate "1999.04.09"]
[PlyCount "66"]

1.d4 d5 2.Nf3 e6 3.g3 Bd6 4.Bg2 c5 5.O-O Nc6 6.c3 cxd4 7.cxd4 f5 8.Nc3 a6 
9.a3 Nf6 10.Bg5 O-O 11.b4 h6 12.Bxf6 Qxf6 13.e3 Bd7 14.Rc1 b5 15.Nd2 g5 
16.Nxd5 Qd8 17.Nc3 Rc8 18.Nb3 Rc7 19.Qh5 Kg7 20.Qe2 Ne7 21.Qb2 Kg6 22.e4 
e5 23.d5 f4 24.f3 h5 25.Ne2 Rxc1 26.Rxc1 Qb6+ 27.Kh1 Rc8 28.Rxc8 Bxc8 29.
Ng1 fxg3 30.hxg3 Qe3 31.Na5 Qe1 32.Kh2 h4 33.g4 Nxd5 0-1

[Event "EU-chT Seniors 01st"]
[Site "Dresden"]
[Date "1999.04.12"]
[Round "4.4"]
[White "Zanger, Konrad"]
[Black "Harzer, Paul"]
[Result "0-1"]
[WhiteElo "1795"]
[BlackElo "2045"]
[EventDate "1999.04.09"]
[PlyCount "98"]

1.c4 f5 2.d4 Nf6 3.Nc3 g6 4.Nf3 Bg7 5.g3 d6 6.Bg2 O-O 7.O-O Nc6 8.a3 Ne4 
9.Rb1 Nxc3 10.bxc3 Qe8 11.e3 Rb8 12.Nd2 e5 13.Nb3 Nd8 14.c5 Bd7 15.cxd6 
cxd6 16.Re1 Bc6 17.Bb2 Bxg2 18.Kxg2 Qf7 19.Nd2 Kh8 20.Qb3 Qf6 21.Nc4 f4 
22.exf4 exf4 23.gxf4 Qxf4 24.Qc2 Ne6 25.Bc1 Qf3+ 26.Kg1 Nf4 27.Bxf4 Rxf4 
28.Ne3 Re8 29.Ng2 Rxe1+ 30.Nxe1 Rg4+ 31.Kf1 Qh1+ 32.Ke2 Re4+ 33.Kd3 Rxe1 
34.Rxe1 Qxe1 35.Kc4 Qe6+ 36.Kb4 d5 37.Kb3 Qa6 38.Qd2 Bf8 39.Qe3 Qxa3+ 40.
Kc2 Qe7 41.Qg3 a5 42.Qb8 a4 43.Qa8 a3 44.Kb3 Kg7 45.f3 Qd7 46.Qa5 Be7 47.
c4 dxc4+ 48.Kxc4 Qe6+ 49.Kd3 Qf5+ 0-1

[Event "EU-chT Seniors 01st"]
[Site "Dresden"]
[Date "1999.04.14"]
[Round "6.4"]
[White "Zanger, Konrad"]
[Black "Semasev, Kim"]
[Result "0-1"]
[WhiteElo "1795"]
[BlackElo "2290"]
[EventDate "1999.04.09"]
[PlyCount "110"]

1.d4 Nf6 2.Nf3 g6 3.g3 Bg7 4.Bg2 d6 5.c4 c6 6.Nc3 O-O 7.O-O Nbd7 8.a3 e5 
9.dxe5 dxe5 10.e4 Qc7 11.Qc2 Nc5 12.b4 Ne6 13.Rd1 Rd8 14.Bb2 Bd7 15.c5 b6 
16.Na4 Ng4 17.h3 Nh6 18.Rd2 b5 19.Nc3 a5 20.Ne2 axb4 21.axb4 Rxa1+ 22.Bxa1
f6 23.Qd1 Nf7 24.Ne1 Nf8 25.Nc2 Ra8 26.Bc3 Bh6 27.Rd3 Be6 28.Ne3 Qc8 29.
Kh2 Ra2 30.Rd2 Bxe3 31.Rxa2 Bxa2 32.fxe3 Bc4 33.Bf1 Ng5 34.Bg2 h5 35.h4 
Nf7 36.Ng1 Nh6 37.Bf3 Ng4+ 38.Bxg4 Qxg4 39.Qxg4 hxg4 40.Kg2 Ne6 41.Kf2 Bd3
42.Ne2 Bxe4 43.Nc1 Kf7 44.Nb3 Bc2 45.Nd2 e4 46.Nf1 Nc7 47.Nh2 f5 48.Ke2 
Ke6 49.Nf1 Bd3+ 50.Kf2 Bxf1 51.Kxf1 Kd5 52.Ke2 Kc4 53.Be5 Nd5 54.Bd6 Nxb4 
55.Kd2 Nd3 0-1